| 000 | 01001nam a22003257a 4500 | ||
|---|---|---|---|
| 003 | CHAP | ||
| 005 | 20220817043110.0 | ||
| 008 | 971010s1989 r 00010 d | ||
| 010 | _a65605 | ||
| 011 | _a66577 | ||
| 035 | _a74961 | ||
| 040 | _cCHAP | ||
| 082 |
_a338.19 _bL5 |
||
| 100 | 0 | 0 |
_aLipton, Michael. _967042 |
| 245 | _aNew seeds and poor people | ||
| 260 |
_aLondon : _bUnwin Hyman, _c1989 |
||
| 300 | _a473 p. | ||
| 590 |
_aBATCH-UPD _b10 _c20130110 _lUCH01 _h0821 |
||
| 590 |
_aBATCH-UPD _b10 _c20130410 _lUCH01 _h0458 |
||
| 590 |
_aBATCH-UPD _b10 _c20130914 _lUCH01 _h1906 |
||
| 590 |
_aCONVERSION _b10 _c20130109 _lUCH01 _h1336 |
||
| 650 | 1 | 4 |
_aAgricultura _xAspectos económicos. |
| 650 | 1 | 4 |
_aAlimentos _xAbastecimiento. |
| 650 | 1 | 4 |
_aPobreza. _989463 |
| 700 | 0 |
_aLonghurst, Richard. _967582 |
|
| 901 | _aBK | ||
| 942 | _cLIBRO | ||
| 949 |
_a338.19 L5 _bBC _cLIBRO _d33724000627733 _eLIBRO _gI. c/e _h91585 _i74961 _si _t119.00 |
||
| 949 |
_a631.521 L5 _bZ _cLIBRO _d-7873 _eLIBRO _h1175 _i74961 _si |
||
| 999 |
_c65605 _d65605 |
||